000
00288nam a2200133Ia 4500
008
230312s9999||||xx |||||||||||||| ||und||
082
_a
891.4
_b
AHM-K
100
_a
Ahmad, Ashfaq
245
0
_a
Khail Tamashaa
260
_b
SangeMeel
300
_a
216
650
_a
Literature
942
_c
BK
999
_c
8828
_d
8828